MDQL
is popping MORE tags! Check the
thread
!
Quizzes
Events
Quiz Creation
Community
Videos
Private Events
Remove Ads
Sign In
Join for FREE
Feedback
Dark Mode
Quiz Categories
Sports
Geography
Music
Movies
Television
Just For Fun
Miscellaneous
History
Literature
Language
Science
Gaming
Entertainment
Religion
Holiday
For Kids
Quiz Lab
Recent
Popular Today
Quiz Kudos Today
Editor Picks
Curator Picks
Quizzes by...
Day
Popularity
Type
Ratings
Length
Year
Community
Subscriptions
Recent Discussions
Orange Saloon
Badges
Playlists
Quests
Create
Leaderboards
Showdown
Live 5
Trivia Bingo
Activity
Puzzle Library
Sporcle Events
Private Events
Virtual Trivia
Globe League
Become a Host
Pub Owners
SporcleCon
Opinionation
Our Games
Videos
Blog
Mobile Apps
Partnerships
Remove Ads and Go Orange
Feedback
Gaming
Video Games
Board Games
Card Games
Pokémon
Mario
Nintendo
Minecraft
Console
Toys
Legend of Zelda
Gaming
Video Games
Board Games
Card Games
Pokémon
Mario
Nintendo
Minecraft
Console
Toys
Legend of Zelda
Random Quiz
Search Sporcle
×
Quiz Lab
Quiz Lab
Gaming
Minecraft
Type in answers that appear in a list
Type in answers that appear in a list
Classic
Best Score? Go Orange.
Minecraft crafting items Stats
Can you name the Minecraft crafting items?
By
quizmakerrob
10m
23 Questions
582 Plays
582 Plays
582 Plays
Comments
Comments
Give Quiz Kudos
Give Quiz Kudos
-
- Ratings
hide this ad
More Info
Replay
Link that replays current quiz
Next Quiz
Link to next quiz in quiz playlist
You Got
0%
They Got
Avg Score
70%
Avg Friend Score
Upgrade to see
Score Distribution
Jump to the score distribution portion of the page
Score
0/23
Timer
10:00
0
Plays Today
Hints
% Correct
2 sticks 1 diamond
Diamond shovel
94.8%
1 log
Wooden planks
90.1%
8 cobblestone
Furnace
88.6%
How many obsidian is needed for a nether portal
10
86.5%
9 iron ingots
Iron block
86.5%
6 wood planks
Wooden door
83.6%
4 cobblestone, 1 iron, 1 redstone and 3 wood
Piston
77.9%
Previous answer and a slmie ball
Sticky piston
76%
5 gunpowder and 4 sand
TNT
74.7%
3 sticks, 3 string
Bow
73.2%
4 obsidian, 2 diamond and a book
Enchantment table
72.5%
1 stick and redstone
Redstone torch
72.3%
Hints
% Correct
feather, stick and flint
Arrow
71.8%
2 snow blocks and a pumpkin (not in crafting table)
Snowman
71.6%
1 pumpkin and a torch
Jack-O-Lantern
70.9%
3 sticks, 2 string
Fishing rod
64.7%
4 iron and 1 redstone
Compass
57.6%
8 wood planks and a diamond
Juke box
57.1%
2 iron
Shears
54.8%
8 gold ingots
Gold chestplate
51.6%
6 iron and 1 stick
Rail
49%
4 stone
Stone brick
47.6%
1 glowstone and 4 redstone
Lamp
41.3%
Quiz Playlist
Details
Report
Send in Message
Add To Playlist
More Info:
Guess the asnwers to the questions using the hints below!
Classic:
Type in answers that appear in a list
Last Updated: Feb 16, 2017
Quiz Scoreboard
CHALLENGE
Sign Up to Join the Scoreboard
Show All
Scores
Hide
Comments
May contain spoilers
Recently Published
Two Season TV Shows II
by 123Four
Television
10m
Image Sorting: Flags VI
by Barbecue
Geography
2m
Find the 'City' Movie
by crazypaving
Movies
60s
More to Explore
Quiz From the Vault
Featured Blog Post
14 Easter Pick-up Lines to Find Eggs With
hide this ad
You Might Also Like...
Tags
Minecraft Quiz
item
Today's Top Quizzes in Gaming
Browse Gaming
hide this ad
Today's Top Quizzes in Minecraft
Browse Minecraft
Top Contributed Quizzes in Gaming
1
League of Legends Pro Players by Career/Team History
2
Destiny 2 exotic weapons by perk icons
3
Genshin Impact Logic Puzzle
4
Genshin murder mystery
5
Dead By Daylight Logic Puzzle
6
4x4 Decades: Video Games
7
Ultimate Genshin Impact Logic Puzzle (up to 4.3)
8
Genshin Impact Logic Puzzle Quiz
9
Overwatch Logic Puzzle
10
Who's on the WWE 2K24 Cover?
Explore More
Trending Topics
Disney
Anime
Harry Potter
Crossword
Kpop
Marvel
NBA
Soccer
Song
Puzzle
Pokémon
The Office
Country
WWE
NFL
hide this ad
More By:
quizmakerrob
Quiz
Plays
Rating
Category
Featured
Created
Minecraft crafting items
582
4.33
Gaming
Mar 22, 2012
Go to Creator's Profile
Score Distribution
Quiz Creator Spotlight
quizmakerrob
Follow
Send a Message
Quizzes Created
-
Created Quiz Play Count
-
More By This Creator
Popular Quizzes Today
1
Find the US States - No Outlines Minefield
2
Colored Red Africa Blitz
3
Find the 'City' Movie
4
5x2 Blitz: Bands
5
The Countries of the World
6
Find the Countries of Europe - No Outlines Minefield
7
Find the US States
8
US States
More Gaming Quizzes
World of Warcraft: TBC Raids Match
Quiz Lab
Trending Quizzes
Colored Red Europe Blitz I
Colored Red Africa Blitz II
Colored Red Europe Blitz II
Colored Red Africa Blitz III
Even More Two Season TV Shows
Recently Updated
March Madness Men's Triple Doubles
pecheneg
How Do You Spell That?
pecheneg
Godzilla Movies
pecheneg
Grab Bag: 4-10 Letters
pecheneg
2024 March Madness Bracket
pecheneg
Famous TV Couples
Peacemaker
Champions League XIs: Real Madrid
pecheneg
Largest US Cities 1790-2010
pecheneg
Rides in Walt Disney World
pecheneg
Most Oscar Losses (Acting)
pecheneg
Trending Topics
Disney
Anime
Marvel
NBA
Kpop
Crossword
Harry Potter
Country
The Office
Song
Puzzle
WWE
Pokémon
NFL
Soccer
Your Account Isn't Verified!
In order to create a playlist on Sporcle, you need to verify the email address you used during registration. Go to your
Sporcle Settings
to finish the process.
Report this User
Report this user for behavior that violates our
Community Guidelines
.
Details:
Send Report
Go to the Sporcle.com Mobile Site →
Comments